书目信息 |
| 题名: |
建筑施工放线
|
|
| 作者: | 孙沛平 著 | |
| 分册: | ||
| 出版信息: | 北京 中国建筑工业出版社 1981 |
|
| 页数: | 146页 | |
| 开本: | 19cm | |
| 丛书名: | 建筑工人技术学习丛书 | |
| 单 册: | ||
| 中图分类: | TU75 | |
| 科图分类: | ||
| 主题词: | 施工测量-建筑工程 , 建筑工程-施工测量 , 建筑工程--各种 | |
| 电子资源: | ||
| ISBN: | ||
| 000 | 00756nam2 2200277 45 | |
| 001 | 0181006312 | |
| 005 | 20060303091900.43 | |
| 010 | @dCNY0.40 | |
| 091 | @a15040.3899 | |
| 100 | @a19950403d1981 em y0chiy0121 ea | |
| 101 | 0 | @achi |
| 102 | @aCN@b110000 | |
| 105 | @ay z 000yy | |
| 200 | 10 | @a建筑施工放线@Ajian zhu shi gong fang xian@f孙沛平著@Fsun pei ping zhu |
| 210 | @a北京@c中国建筑工业出版社@d1981 | |
| 215 | @a146页@d19cm | |
| 225 | 2 | @a建筑工人技术学习丛书 |
| 410 | 0 | @120010@a建筑工人技术学习丛书 |
| 606 | @a施工测量-建筑工程 | |
| 606 | @a建筑工程-施工测量 | |
| 606 | 0 | @a建筑工程@x各种 |
| 690 | @aTU75@v3 | |
| 701 | 0 | @a孙沛平@Asun pei ping@4著 |
| 801 | 2 | @aCN@bNLC@c20060303 |
| 801 | 0 | @aCN@bTSSF |
| 905 | @a10447@dTU75@e1 | |
| 建筑施工放线/孙沛平著.-北京:中国建筑工业出版社,1981 |
| 146页;19cm.-(建筑工人技术学习丛书) |
| ISBN :CNY0.40 |
| ● |
| 相关链接 |
|
|
|
|
正题名:建筑施工放线
索取号:TU75/1
 
预约/预借
| 序号 | 登录号 | 条形码 | 馆藏地/架位号 | 状态 | 备注 |
| 1 | 0040777 | 001483530 | 密集书库/ [索取号:TU75/1] | 在馆 | |
| 2 | 0040779 | 001481630 | 密集书库/ [索取号:TU75/1] | 在馆 |